|
|
|
|
| LEADER |
00000cam a2200000 a 4500 |
| 001 |
11813-1 |
| 003 |
Ucuenca |
| 005 |
20230308180841.0 |
| 008 |
967070|1967 ag |||||r|||||||||||spa|| |
| 040 |
|
|
|b spa
|
| 041 |
0 |
|
|a spa
|
| 082 |
0 |
|
|a 617.3
|
| 100 |
1 |
|
|a Campbell, Willis Cohoon.
|9 84735
|
| 245 |
|
|
|a Cirugía ortopédica
|c Willis Cohoon Campbell
|h imp
|n tomo 1
|
| 264 |
|
|
|a Buenos Aires
|b Inter-Médica
|c 1967
|
| 300 |
|
|
|a ix, 1020 páginas:
|b ilu
|c 27 cm
|
| 504 |
|
|
|a incl. ref.
|
| 505 |
0 |
|
|a Contiene 1.- Cuidados preoperatorios y postoperatorios. 2.-- Técnicas quirúrgicas.3.-- Exposiciones quirúrgicas. 4.-- La mano. 5.--Luxaciones. Fracturas.6-- Consolidaciones viciosas.7.-- Retardo de consolidación y seudoartrosis de las fracturas.8.-- Amputaciones.9.-- Afecciones traumáticas delas articulaciones.10.-- Artritis infecciosa aguda y heridas de las articulaciones.
|
| 650 |
|
|
|a Ortopedia
|9 81756
|
| 852 |
|
|
|a UC-SALUD
|f Compra
|l 1
|m General
|p 19670708
|q S/. 1.650
|t 11813-1
|b 0
|d CDRS
|e CDRS
|g 617.3 11813
|z 1967-70-70
|
| 942 |
|
|
|c BK
|0 1
|z margoth.maza@ucuenca.edu.ec
|
| 999 |
|
|
|c 54290
|d 54290
|